000 00637nam a2200241Ia 4500
003 OSt
005 20220918174439.0
006 a|||||r|||| 00| 0
007 ta
008 220917b |||||||| |||| 00| 0 eng d
024 _a12,235
037 _cTextual
040 _aARTS
_cARTS
_beng
041 _2eng
_aeng
082 _aO111,2J64:g, L4
100 _aSwinburne Algernon Charles
_922029
245 0 _aShakespeare
260 _aLondon
_bOUP
_c1974
300 _a83p.
_ccm.
650 _aSHAKESPEARE, WILLIAM
942 _hO111,2J64:g, L4
_cTEXL
_2CC
999 _c153266
_d153266